| 000 | 00000nam##2200000za#4500 |
| 001 | 9.613421 |
| 003 | CaOODSP |
| 005 | 20211126112847 |
| 007 | ta |
| 008 | 150406|1996||||xxc||||| f|0| 0 eng|d |
| 020 | |a0-662-25220-9 |
| 022 | |a1192-5434 |
| 040 | |aCaOODSP|beng |
| 043 | |an-cn--- |
| 086 | 1 |aFB3-2/96-15E |
| 110 | 2 |aBank of Canada. |
| 245 | 12|aA modified P*-model of inflation based on M1 / |cby Joseph Atta-Mensah. |
| 260 | |aOttawa - Ontario : |bBank of Canada |c1996. |
| 300 | |a24p. : |breferences, tables ; |c28 cm. |
| 490 | 1 |aWorking paper|x1192-5434|v96-15 |
| 500 | |a"This paper examines the performance of M1 in an indicator model of inflation over time horizons as long as 16 quarters into the future."--Abstract. |
| 520 | 3 |aThis paper examines the performance of M1 in an indicator model of inflation over time horizons as long as 16 quarters into the future.--Abstract |
| 546 | |aRésumés en français |
| 563 | |aSoftcover |
| 590 | |a96-50|b1996-12-13 |
| 720 | 1 |aAtta-Mensah, Joseph |
| 776 | 0#|tA modified P*-model of inflation based on M1 / |w(CaOODSP)9.571646 |
| 830 | #0|aWorking paper,|x1192-5434|v96-15|w(CaOODSP)9.514622 |